Governorates of Palestine Map Quiz - Statistics

General Stats
  • This quiz has been taken 319 times
  • The average score is 8 of 16
Answers on the Map
Answers color-coded by a green-red scale on the quiz's map according to % correct below.
 
Answer Stats
Answer % Correct
North Gaza
80%
Gaza
78%
Jerusalem
66%
Rafah
63%
Khan Yunis
58%
Bethlehem
55%
Hebron
53%
Jericho
51%
Ramallah and Al-Bireh
50%
Nablus
44%
Jenin
42%
Deir al-Balah
41%
Qalqilya
34%
Tubas
29%
Tulkarm
26%
Salfit
22%
No matching quizzes found
Score Distribution
Percent of People with Each Score
Percentile by Number Answered
Your Score History
You have not taken this quiz